Panamá, dependencia y liberación /
El documento presenta un análisis de la independencia de Panamá de Colombia.
Đã lưu trong:
| Tác giả chính: | |
|---|---|
| Định dạng: | Texto |
| Ngôn ngữ: | Spanish |
| Được phát hành: |
San Pedro:
EDUCA
1974
|
| Phiên bản: | 2 |
| Những chủ đề: | |
| Các nhãn: |
Thêm thẻ
Không có thẻ, Là người đầu tiên thẻ bản ghi này!
|
MARC
| LEADER | 00000 a a2200000 04500 | ||
|---|---|---|---|
| 001 | 24928 | ||
| 003 | cru CIDCACS/IIS | ||
| 005 | 20230707090245.0 | ||
| 008 | 180823b1974 cr ||||| |||| 00| 0 spa d | ||
| 040 | |c cru CIDCACS/IIS | ||
| 090 | |a 01.02.03 P187p | ||
| 100 | |a Soler, Ricaurte | ||
| 245 | |a Panamá, dependencia y liberación / |c Ricaurte Soler | ||
| 250 | |a 2 | ||
| 260 | |a San Pedro: |b EDUCA |c 1974 | ||
| 300 | |a 301 p. |b **no definido** | ||
| 520 | |a El documento presenta un análisis de la independencia de Panamá de Colombia. | ||
| 650 | 4 | |9 2644 |a INDEPENDENCIA | |
| 650 | 0 | |9 4685 |a CRONOLOGIA | |
| 650 | 0 | |9 243 |a ESTADO | |
| 650 | 0 | |9 7397 |a DEPENDENCIA | |
| 651 | 0 | |9 353 |a PANAMA | |
| 651 | 0 | |9 4598 |a COLOMBIA | |
| 942 | |2 ddc |c LI | ||
| 999 | |c 8756 |d 8756 | ||
